[Event "Novi Sad Serbia op-A"]
[Site "Novi Sad"]
[Date "2022.06.28"]
[Round "1"]
[White "Ramoutar, Alan Safar"]
[Black "Adarsh, Tripathi"]
[Result "0-1"]
[WhiteElo "2453"]
[BlackElo "2320"]
[PlyCount "104"]
[EventDate "2022.06.28"]
[EventType "swiss"]
[EventRounds "9"]
[EventCountry "SRB"]
[SourceTitle "EXT 2023"]
[Source "ChessBase"]
[SourceDate "2022.10.05"]
[SourceVersion "1"]
[SourceVersionDate "2022.10.05"]
[SourceQuality "1"]

1. e4 c5 2. Nc3 Nc6 3. Bb5 Nd4 4. Nf3 Nxb5 5. Nxb5 g6 6. d4 Bg7 7. e5 Qa5+ 8. Nc3 cxd4 9. Qxd4 d6 10. Qd5 Qb6 11. Qb5+ Qc6 12. Nd4 Qd7 13. Nd5 Bxe5 14. Nc7+ Kd8 15. Nxa8 Bxd4 16. Qxd7+ Bxd7 17. c3 Bg7 18. Be3 b6 19. Nxb6 axb6 20. Bxb6+ Kc8 21. 0-0 Nf6 22. Rfd1 Kb7 23. Bd4 e5 24. Be3 d5 25. a4 Ra8 26. a5 Bb5 27. h3 Kc6 28. b3 Ba6 29. Rdc1 Nd7 30. c4 d4 31. Bd2 Nc5 32. b4 Nb3 33. b5+ Kc7 34. bxa6 Nxd2 35. Ra2 Ne4 36. Rb1 Rxa6 37. Rab2 Nc5 38. Rb5 Bf8 39. Rb8 Nd7 40. R8b5 Bc5 41. Kf1 f5 42. Rb7+ Kc6 43. R1b5 Rxa5 44. Rxa5 Kxb7 45. Ke2 e4 46. Rb5+ Kc6 47. Rb3 d3+ 48. Ke1 Ne5 49. Rb8 Nxc4 50. Rc8+ Kd5 51. Rd8+ Ke5 52. Rd7 Bb4+ 0-1